Nové výzvy

Banky avizujú rozšírenie a skvalitnenie služieb pre drobných klientov a podnikateľov. Ozdravenie bankového sektora a predaj štátnych bánk na Slovensku. Lepšie možnosti získania úveru pre malých a stredných podnikateľov. Záruky na úver. Možné riešenia k úverovému prípadu.

Salvato in:
Dettagli Bibliografici
Autore principale: Onuferová, Marianna
Natura: Capitolo di libro
Lingua:slovacco
Soggetti:
Tags: Aggiungi Tag
Nessun Tag, puoi essere il primo ad aggiungerne!!

MARC

LEADER 00000naa a2200000 4500
001 r045349
005 20230920074834.2
041 0 |a slo 
044 |a SK 
245 1 0 |a Nové výzvy  |c Marianna Onuferová 
520 |a Banky avizujú rozšírenie a skvalitnenie služieb pre drobných klientov a podnikateľov. Ozdravenie bankového sektora a predaj štátnych bánk na Slovensku. Lepšie možnosti získania úveru pre malých a stredných podnikateľov. Záruky na úver. Možné riešenia k úverovému prípadu. 
610 2 0 |a bankovníctvo 
610 2 0 |a banky 
610 2 0 |a privatizácia 
610 2 0 |a transformácia 
610 2 0 |a úver 
610 2 0 |a podnikanie malé 
610 2 0 |a podnikanie stredné 
610 2 0 |a pôžičky 
610 2 0 |a Slovensko 
100 1 |a Onuferová, Marianna